000 00556nam a2200205Ia 4500
003 BUBTL
008 151213s9999 xx 000 0 und d
020 _a0538828234
082 _a658.8/ F4138s/ 1994
100 _aO.C Ferrell
_92771
245 _aStrategic Marketing Management :
_cO.C Ferrell
260 _aOhio
_bSouth Western
_cc1994
300 _axv,404p.:
_b23cm.
500 _aIncludes Index
650 _aMarketing
_92772
700 _aO.C Ferrell
_92771
856 _k0
_l0
_yDownload
942 _2ddc
_cBK
999 _c1856
_d1856